[Event "31st Klatovy A 2025"]
[Site "Klatovy CZE"]
[Date "2025.07.01"]
[Round "4.24"]
[White "Richter, Martin 1969"]
[Black "Bubela, Alexander Georg"]
[Result "1/2-1/2"]
[WhiteElo "1928"]
[BlackElo "1806"]
[PlyCount "87"]
[EventDate "2025.06.28"]
[EventType "swiss"]
[EventRounds "9"]
[EventCountry "CZE"]

1. e4 e5 2. Nf3 Nc6 3. Nc3 Nf6 4. d4 exd4 5. Nxd4 Bb4 6. Nxc6 bxc6 7. Bd3 d5 8. exd5 cxd5 9. O-O O-O 10. Bg5 c6 11. Na4 h6 12. Bh4 Re8 13. c4 Rb8 14. Rc1 Be6 15. b3 Bd6 16. cxd5 cxd5 17. Qf3 Rb4 18. Bxf6 gxf6 19. Qh5 f5 20. g3 Qg5 21. Qxg5+ hxg5 22. f3 Rd4 23. Rfd1 Rc8 24. Rxc8+ Bxc8 25. Nc3 Bc5 26. Kg2 Rb4 27. Nxd5 Rd4 28. Be2 Be6 29. Rxd4 Bxd4 30. Bc4 Bxd5 31. Bxd5 a5 32. h4 gxh4 33. gxh4 Kg7 34. Kf1 Kg6 35. Ke2 Bf6 36. Kd3 Bxh4 37. Kc4 Be1 38. a3 Kf6 39. b4 axb4 40. axb4 Ke5 41. Bxf7 Kd6 42. Be8 Kc7 43. b5 f4 44. Kd5 1/2-1/2

[Event "31st Klatovy A 2025"]
[Site "Klatovy CZE"]
[Date "2025.07.01"]
[Round "4.25"]
[White "Chmelik, Ladislav"]
[Black "Verner, Matej"]
[Result "0-1"]
[WhiteElo "1816"]
[BlackElo "2143"]
[PlyCount "74"]
[EventDate "2025.06.28"]
[EventType "swiss"]
[EventRounds "9"]
[EventCountry "CZE"]

1. d4 Nf6 2. Nf3 e6 3. c4 c5 4. Nc3 cxd4 5. Nxd4 b6 6. Bf4 a6 7. e3 Bb7 8. Qc2 d6 9. Bg5 Nbd7 10. f3 Qc7 11. Bd3 Be7 12. Rc1 h6 13. Bh4 Rc8 14. O-O Qb8 15. Rfd1 g5 16. Bg3 h5 17. h3 g4 18. Ne4 h4 19. Be1 gxh3 20. gxh3 Nxe4 21. fxe4 Rc5 22. Nf3 f5 23. Bb4 Ne5 24. Nxe5 Rxe5 25. Bc3 Rg8+ 26. Kf2 fxe4 27. Bxe5 Rg2+ 28. Kf1 Rxc2 29. Bxc2 dxe5 30. Ba4+ Kf7 31. Rd7 Bc8 32. Rd2 Bg5 33. Rf2+ Ke7 34. Ke2 b5 35. c5 a5 36. Bb3 b4 37. Rcf1 Ba6+ 0-1

[Event "31st Klatovy A 2025"]
[Site "Klatovy CZE"]
[Date "2025.07.01"]
[Round "4.26"]
[White "Paldus, Jan"]
[Black "Lieber, Lukas"]
[Result "0-1"]
[WhiteElo "1761"]
[BlackElo "1925"]
[PlyCount "96"]
[EventDate "2025.06.28"]
[EventType "swiss"]
[EventRounds "9"]
[EventCountry "CZE"]

1. e4 c5 2. c3 g6 3. d4 cxd4 4. cxd4 d5 5. e5 Bg7 6. f4 h5 7. Nf3 Bg4 8. Be2 e6 9. Nc3 Nh6 10. Qb3 Qb6 11. Qxb6 axb6 12. Nb5 O-O 13. Nd6 Nc6 14. Be3 Nf5 15. Nxf5 Bxf5 16. a3 Nb4 17. Kd2 Nc2 18. Rac1 Nxe3 19. Kxe3 Rac8 20. Bb5 f6 21. Nh4 fxe5 22. dxe5 Rc5 23. Nxf5 Rxf5 24. Bd7 d4+ 25. Ke4 Kf7 26. g3 g5 27. Bc8 gxf4 28. gxf4 Rxf4+ 29. Kxf4 Bh6+ 30. Ke4 Bxc1 31. Bxb7 Bxb2 32. a4 Rc3 33. Rf1+ Ke7 34. Rf2 Re3+ 35. Kf4 Bc1 36. Rf3 Re2+ 37. Kg3 Rxe5 38. Rb3 Rf5 39. Rxb6 d3 40. Bc8 d2 41. Bxe6 d1=Q 42. Bxf5 Qg1+ 43. Kh4 Qxb6 44. Kxh5 Qh6+ 45. Kg4 Qf4+ 46. Kh3 Qxf5+ 47. Kh4 Be3 48. h3 Bf2# 0-1

[Event "31st Klatovy A 2025"]
[Site "Klatovy CZE"]
[Date "2025.07.01"]
[Round "4.27"]
[White "Mojzisova, Barbora"]
[Black "Slansky, Jachym"]
[Result "0-1"]
[WhiteElo "1757"]
[BlackElo "1878"]
[PlyCount "62"]
[EventDate "2025.06.28"]
[EventType "swiss"]
[EventRounds "9"]
[EventCountry "CZE"]

1. e4 c5 2. Nf3 d6 3. d4 cxd4 4. Nxd4 Nf6 5. Nc3 g6 6. Bb5+ Bd7 7. Bxd7+ Nbxd7 8. Be3 Bg7 9. O-O O-O 10. f3 Rc8 11. Qc1 a6 12. Bh6 Bxh6 13. Qxh6 Qb6 14. Rad1 e5 15. Nce2 exd4 16. Nxd4 Rxc2 17. Kh1 Rc5 18. g4 Kh8 19. g5 Nh5 20. f4 Ng7 21. f5 Qxb2 22. Nf3 Rfc8 23. Nh4 Ne5 24. fxg6 fxg6 25. Rf6 Kg8 26. Nf5 gxf5 27. Qh3 Rc1 28. Rfxd6 Rxd1+ 29. Rxd1 Rc1 30. Qf1 Ng4 31. Rd8+ Kf7 0-1

[Event "31st Klatovy A 2025"]
[Site "Klatovy CZE"]
[Date "2025.07.01"]
[Round "4.28"]
[White "Hrckova, Anna"]
[Black "Vo, Daniel"]
[Result "0-1"]
[WhiteElo "1728"]
[BlackElo "1834"]
[PlyCount "168"]
[EventDate "2025.06.28"]
[EventType "swiss"]
[EventRounds "9"]
[EventCountry "CZE"]

1. e4 c5 2. c3 Nf6 3. e5 Nd5 4. d4 cxd4 5. Nf3 Nc6 6. cxd4 e6 7. Bc4 Nb6 8. Bb5 a6 9. Bd3 d6 10. O-O Be7 11. Nc3 dxe5 12. dxe5 O-O 13. a3 h6 14. Re1 Nd5 15. Ne4 Qc7 16. Ng3 Rd8 17. Qe2 Qd7 18. Rd1 Qe8 19. Be3 b5 20. Rac1 Bb7 21. Ne4 Nxe3 22. Qxe3 Rac8 23. h3 b4 24. axb4 Nxb4 25. Rxc8 Rxc8 26. Nd6 Bxd6 27. exd6 Nd5 28. Qe4 g6 29. Ne5 Rd8 30. d7 Qe7 31. h4 Nc3 32. Qxb7 Nxd1 33. Nc6 Qxd7 34. Nxd8 Qxd8 35. Qb3 Nxb2 36. Bxa6 Qd1+ 37. Qxd1 Nxd1 38. g3 e5 39. f3 Kg7 40. Kf1 Ne3+ 41. Ke2 Nf5 42. Kf2 Kf6 43. Bd3 Nd6 44. Ke3 Ke6 45. Ba6 f5 46. Bd3 Kd5 47. Bf1 Nc4+ 48. Kd3 e4+ 49. fxe4+ fxe4+ 50. Ke2 Kd4 51. g4 Ne3 52. Bh3 Nd5 53. Bf1 Ke5 54. Kf2 Kf4 55. Bc4 e3+ 56. Ke1 Nb4 57. Bf7 Kf3 58. Bxg6 Kxg4 59. Ke2 Kf4 60. Bf7 Nc2 61. Bg6 Nd4+ 62. Ke1 Nf3+ 63. Ke2 Nxh4 64. Bf7 Nf5 65. Bg6 Ng3+ 66. Ke1 h5 67. Bf7 h4 68. Be6 Nf5 69. Bd5 h3 70. Bc4 h2 71. Bd5 Ng3 72. Bc6 Ne4 73. Bxe4 Kxe4 74. Ke2 Ke5 75. Kxe3 h1=Q 76. Kd3 Qe4+ 77. Kd2 Qf3 78. Kc2 Qe3 79. Kb2 Qd3 80. Ka2 Qc3 81. Kb1 Qd2 82. Ka1 Kd4 83. Kb1 Kc3 84. Ka1 Qb2# 0-1

[Event "31st Klatovy A 2025"]
[Site "Klatovy CZE"]
[Date "2025.07.01"]
[Round "4.29"]
[White "Mrazik, Marek"]
[Black "Feierfeil, Jiri"]
[Result "1-0"]
[WhiteElo "1854"]
[BlackElo "1738"]
[PlyCount "85"]
[EventDate "2025.06.28"]
[EventType "swiss"]
[EventRounds "9"]
[EventCountry "CZE"]

1. e4 c5 2. Nf3 d6 3. d4 cxd4 4. Nxd4 Nf6 5. Nc3 a6 6. Be2 e6 7. Bg5 Be7 8. O-O O-O 9. Kh1 Qc7 10. f4 b5 11. a3 Bb7 12. Bd3 Nbd7 13. Qf3 Rac8 14. Rae1 Nc5 15. Qh3 Nxd3 16. cxd3 Rfe8 17. f5 e5 18. Nde2 d5 19. Ng3 dxe4 20. dxe4 Rcd8 21. Bxf6 gxf6 22. Qh6 Bf8 23. Qxf6 Be7 24. Qh6 Rd6 25. f6 Bf8 26. Qg5+ Kh8 27. Nf5 Rd3 28. Ne7 Rxe7 29. fxe7 Bxe7 30. Qh5 f6 31. Rd1 Rd4 32. Rxd4 exd4 33. Nd5 Qd8 34. Qf7 Bxd5 35. exd5 d3 36. Rd1 Qc7 37. Re1 Qe5 38. Rxe5 d2 39. Qe8+ Kg7 40. Rxe7+ Kh6 41. Qf8+ Kg5 42. Qg7+ Kf5 43. g4+ 1-0

[Event "31st Klatovy A 2025"]
[Site "Klatovy CZE"]
[Date "2025.07.03"]
[Round "6.1"]
[White "Vitak, Jiri"]
[Black "Straka, Vojtech"]
[Result "0-1"]
[WhiteElo "2308"]
[BlackElo "2425"]
[PlyCount "90"]
[EventDate "2025.06.28"]
[EventType "swiss"]
[EventRounds "9"]
[EventCountry "CZE"]

1. d4 {[%emt 0:00:03]} Nf6 {[%emt 0:00:18]} 2. c4 {[%emt 0:00:05]} e6 {[%emt 0:00:10]} 3. Nf3 {[%emt 0:00:30]} c5 {[%emt 0:02:04]} 4. Nc3 {[%emt 0:00:32]} d5 {[%emt 0:02:58]} 5. cxd5 {[%emt 0:02:46]} Nxd5 {[%emt 0:00:31]} 6. e4 {[%emt 0:01:16]} Nxc3 {[%emt 0:00:42]} 7. bxc3 {[%emt 0:00:04]} cxd4 {[%emt 0:00:11]} 8. cxd4 {[%emt 0:00:05]} Bb4+ {[%emt 0:00:08]} 9. Bd2 {[%emt 0:00:04]} Bxd2+ {[%emt 0:00:10]} 10. Qxd2 {[%emt 0:00:04]} O-O {[%emt 0:00:12]} 11. Bc4 {[%emt 0:00:05]} Nd7 {[%emt 0:07:01]} 12. O-O {[%emt 0:00:49]} b6 {[%emt 0:07:52]} 13. Rad1 {[%emt 0:08:15]} Bb7 {[%emt 0:08:50]} 14. Rfe1 {[%emt 0:00:05]} Rc8 {[%emt 0:03:51]} 15. Bb3 {[%emt 0:01:01]} Qf6 {[%emt 0:09:40]} 16. e5 {[%emt 0:18:20]} Qg6 {[%emt 0:02:44]} 17. Qf4 {[%emt 0:02:11]} Rc3 {[%emt 0:07:47]} 18. Re3 {[%emt 0:13:01]} Rfc8 {[%emt 0:03:58]} 19. h4 {[%emt 0:15:25]} Rxe3 {[%emt 0:11:56]} 20. fxe3 {[%emt 0:00:19]} h6 {[%emt 0:01:48]} 21. Rd2 {[%emt 0:25:09]} b5 {[%emt 0:10:09]} 22. d5 {[%emt 0:22:35]} Bxd5 {[%emt 0:01:22]} 23. Bxd5 {[%emt 0:00:05]} exd5 {[%emt 0:00:09]} 24. Nd4 {[%emt 0:01:00]} Qe4 {[%emt 0:09:13]} 25. Nf5 {[%emt 0:04:12]} Rc1+ {[%emt 0:07:37]} 26. Kh2 {[%emt 0:00:05]} Nxe5 {[%emt 0:03:02]} 27. Rxd5 {[%emt 0:00:16]} Ng4+ {[%emt 0:02:00]} 28. Kg3 {[%emt 0:00:33]} Nf6 {[%emt 0:00:50]} 29. Qxe4 {[%emt 0:04:20]} Nxe4+ {[%emt 0:00:33]} 30. Kf4 {[%emt 0:00:16]} Nc5 {[%emt 0:01:41]} 31. Nd4 {[%emt 0:01:11]} b4 {[%emt 0:00:55]} 32. Rd8+ {[%emt 0:01:16]} Kh7 {[%emt 0:00:03]} 33. Rb8 {[%emt 0:00:04]} a5 {[%emt 0:00:24]} 34. Rb5 {[%emt 0:01:34]} a4 {[%emt 0:01:14]} 35. Kf3 {[%emt 0:00:11]} Rc4 {[%emt 0:01:16]} 36. Ke2 {[%emt 0:00:46]} Ne6 {[%emt 0:07:54]} 37. Kd3 {[%emt 0:03:29]} Rc3+ {[%emt 0:00:17]} 38. Ke4 {[%emt 0:00:11]} Nc5+ {[%emt 0:02:05]} 39. Kd5 {[%emt 0:01:00]} Nd3 {[%emt 0:00:20]} 40. h5 {[%emt 0:01:38]} b3 {[%emt 0:01:41]} 41. axb3 {[%emt 0:00:30]} a3 {[%emt 0:00:07]} 42. Ra5 {[%emt 0:00:10]} a2 {[%emt 0:00:06]} 43. Ke4 {[%emt 0:00:51]} Nb4 {[%emt 0:00:08]} 44. Ne2 {[%emt 0:00:27]} Rc6 {[%emt 0:06:31]} 45. Nd4 {[%emt 0:00:04]} Rc1 {[%emt 0:00:06]} 0-1

[Event "31st Klatovy A 2025"]
[Site "Klatovy CZE"]
[Date "2025.07.03"]
[Round "6.2"]
[White "Slovak, Kilian"]
[Black "Kroulik, Vaclav"]
[Result "1-0"]
[WhiteElo "2349"]
[BlackElo "2088"]
[PlyCount "119"]
[EventDate "2025.06.28"]
[EventType "swiss"]
[EventRounds "9"]
[EventCountry "CZE"]

1. e4 {[%emt 0:00:22]} c5 {[%emt 0:00:15]} 2. Nf3 {[%emt 0:00:07]} d6 {[%emt 0:00:06]} 3. c3 {[%emt 0:00:22]} Nf6 {[%emt 0:00:20]} 4. Be2 {[%emt 0:00:11]} Bd7 {[%emt 0:00:34]} 5. e5 {[%emt 0:03:52]} dxe5 {[%emt 0:01:46]} 6. Nxe5 {[%emt 0:00:16]} Nc6 {[%emt 0:00:32]} 7. Nxd7 {[%emt 0:04:16]} Qxd7 {[%emt 0:00:16]} 8. d3 {[%emt 0:02:48]} e5 {[%emt 0:04:20]} 9. O-O {[%emt 0:06:20]} Bd6 {[%emt 0:09:21]} 10. Nd2 {[%emt 0:00:32]} O-O {[%emt 0:02:09]} 11. Ne4 {[%emt 0:02:42]} Nxe4 {[%emt 0:08:41]} 12. dxe4 {[%emt 0:00:07]} Ne7 {[%emt 0:01:34]} 13. Be3 {[%emt 0:01:16]} Rad8 {[%emt 0:00:56]} 14. Qb3 {[%emt 0:01:20]} Qc6 {[%emt 0:02:48]} 15. Qc4 {[%emt 0:03:19]} Nc8 {[%emt 0:16:55]} 16. f3 {[%emt 0:15:28]} Be7 {[%emt 0:16:26]} 17. Rfd1 {[%emt 0:02:44]} b6 {[%emt 0:14:21]} 18. a4 {[%emt 0:00:45]} Rxd1+ {[%emt 0:03:49]} 19. Rxd1 {[%emt 0:01:23]} Rd8 {[%emt 0:06:55]} 20. Rxd8+ {[%emt 0:01:39]} Bxd8 {[%emt 0:00:02]} 21. Qa6 {[%emt 0:00:21]} Qc7 {[%emt 0:03:47]} 22. Bc4 {[%emt 0:00:24]} Be7 {[%emt 0:01:49]} 23. Bd5 {[%emt 0:04:24]} Kf8 {[%emt 0:05:05]} 24. Kf2 {[%emt 0:02:07]} Qd7 {[%emt 0:07:34]} 25. b3 {[%emt 0:10:42]} Qc7 {[%emt 0:00:40]} 26. Ke2 {[%emt 0:02:45]} Qd7 {[%emt 0:01:57]} 27. Qd3 {[%emt 0:03:00]} Qc7 {[%emt 0:00:57]} 28. Qa6 {[%emt 0:01:15]} Qd7 {[%emt 0:00:37]} 29. a5 {[%emt 0:00:07]} Qc7 {[%emt 0:00:38]} 30. axb6 {[%emt 0:01:03]} axb6 {[%emt 0:00:51]} 31. Qa8 {[%emt 0:00:06]} Bd8 {[%emt 0:00:52]} 32. Kd3 {[%emt 0:05:06]} Nd6 {[%emt 0:02:21]} 33. Kc2 {[%emt 0:00:36]} Ke7 {[%emt 0:00:41]} 34. g4 {[%emt 0:00:56]} Kd7 {[%emt 0:01:04]} 35. g5 {[%emt 0:01:30]} Qc8 {[%emt 0:01:26]} 36. Qa4+ {[%emt 0:00:09]} Ke7 {[%emt 0:00:20]} 37. Qa7+ {[%emt 0:02:34]} Qd7 {[%emt 0:00:35]} 38. Qxd7+ {[%emt 0:01:41]} Kxd7 {[%emt 0:00:02]} 39. h4 {[%emt 0:01:39]} Ke7 {[%emt 0:06:14]} 40. Kd3 {[%emt 0:01:54]} Bc7 {[%emt 0:00:53]} 41. f4 {[%emt 0:15:09]} exf4 {[%emt 0:01:01]} 42. Bxf4 {[%emt 0:01:36]} Ne8 {[%emt 0:00:49]} 43. e5 {[%emt 0:03:23]} f6 {[%emt 0:05:12]} 44. Ke4 {[%emt 0:04:35]} fxe5 {[%emt 0:00:55]} 45. Bxe5 {[%emt 0:00:14]} Bxe5 {[%emt 0:01:19]} 46. Kxe5 {[%emt 0:00:01]} Nd6 {[%emt 0:02:53]} 47. Bg8 {[%emt 0:10:45]} Nb5 {[%emt 0:00:49]} 48. Bxh7 {[%emt 0:05:47]} Nxc3 {[%emt 0:00:14]} 49. h5 {[%emt 0:00:25]} Kf8 {[%emt 0:00:33]} 50. Bd3 {[%emt 0:02:15]} Kg8 {[%emt 0:00:13]} 51. Kd6 {[%emt 0:01:04]} Na2 {[%emt 0:01:21]} 52. Kc7 {[%emt 0:01:09]} Nc1 {[%emt 0:00:41]} 53. Bc4+ {[%emt 0:00:04]} Kh7 {[%emt 0:00:03]} 54. Kxb6 {[%emt 0:00:13]} Nxb3 {[%emt 0:00:16]} 55. Bxb3 {[%emt 0:00:06]} Kh8 {[%emt 0:00:27]} 56. Kxc5 {[%emt 0:00:18]} Kh7 {[%emt 0:00:04]} 57. Kd6 {[%emt 0:00:07]} Kh8 {[%emt 0:00:04]} 58. Ke5 {[%emt 0:00:15]} Kh7 {[%emt 0:00:05]} 59. Bc2+ {[%emt 0:00:21]} Kg8 {[%emt 0:00:12]} 60. Kf5 1-0

[Event "31st Klatovy A 2025"]
[Site "Klatovy CZE"]
[Date "2025.07.03"]
[Round "6.3"]
[White "Jun, Rudolf"]
[Black "Tvrdik, Daniel"]
[Result "1-0"]
[WhiteElo "2279"]
[BlackElo "2140"]
[PlyCount "65"]
[EventDate "2025.06.28"]
[EventType "swiss"]
[EventRounds "9"]
[EventCountry "CZE"]

1. c4 {[%emt 0:00:06]} e5 {[%emt 0:00:07]} 2. Nc3 {[%emt 0:00:12]} Bb4 {[%emt 0:01:38]} 3. Nd5 {[%emt 0:01:28]} Bc5 {[%emt 0:02:08]} 4. e3 {[%emt 0:00:47]} Ne7 {[%emt 0:03:24]} 5. Nc3 {[%emt 0:05:17]} a6 {[%emt 0:04:40]} 6. Nf3 {[%emt 0:01:09]} d6 {[%emt 0:07:29]} 7. d4 {[%emt 0:00:48]} exd4 {[%emt 0:00:38]} 8. exd4 {[%emt 0:00:06]} Bb4 {[%emt 0:01:57]} 9. Qa4+ {[%emt 0:00:54]} Nec6 {[%emt 0:05:10]} 10. d5 {[%emt 0:00:26]} Bxc3+ {[%emt 0:00:08]} 11. bxc3 {[%emt 0:00:13]} b5 {[%emt 0:00:06]} 12. cxb5 {[%emt 0:00:25]} Ne7 {[%emt 0:01:24]} 13. bxa6+ {[%emt 0:05:12]} Qd7 {[%emt 0:03:59]} 14. Bb5 {[%emt 0:02:25]} c6 {[%emt 0:01:28]} 15. dxc6 {[%emt 0:00:31]} Qc7 {[%emt 0:05:17]} 16. O-O {[%emt 0:01:30]} Bxa6 {[%emt 0:01:32]} 17. Bf4 {[%emt 0:03:12]} O-O {[%emt 0:01:43]} 18. Rfd1 {[%emt 0:01:49]} Rd8 {[%emt 0:03:22]} 19. Rab1 {[%emt 0:07:19]} Nexc6 {[%emt 0:05:36]} 20. Bxa6 {[%emt 0:01:48]} Rxa6 {[%emt 0:01:12]} 21. Qc4 {[%emt 0:00:25]} Qa7 {[%emt 0:03:42]} 22. Rxd6 {[%emt 0:08:29]} Rxd6 {[%emt 0:07:56]} 23. Bxd6 {[%emt 0:01:52]} Rxa2 {[%emt 0:00:11]} 24. Rf1 {[%emt 0:05:46]} h6 {[%emt 0:06:14]} 25. h4 {[%emt 0:08:43]} Ra4 {[%emt 0:00:34]} 26. Qb5 {[%emt 0:04:27]} Ra5 {[%emt 0:04:20]} 27. Qe2 {[%emt 0:01:54]} Qb7 {[%emt 0:09:56]} 28. Re1 {[%emt 0:07:01]} Ra8 {[%emt 0:01:35]} 29. Qe8+ {[%emt 0:01:11]} Kh7 {[%emt 0:03:25]} 30. Qe4+ {[%emt 0:00:24]} Kg8 {[%emt 0:00:32]} 31. Nd4 {[%emt 0:00:42]} Ra7 {[%emt 0:02:07]} 32. Qf5 {[%emt 0:06:45]} g6 {[%emt 0:06:34]} 33. Re8+ {[%emt 0:00:44]} 1-0

[Event "31st Klatovy A 2025"]
[Site "Klatovy CZE"]
[Date "2025.07.03"]
[Round "6.4"]
[White "Vltavsky, Vladimir"]
[Black "Horak, Martin"]
[Result "0-1"]
[WhiteElo "2122"]
[BlackElo "2324"]
[PlyCount "104"]
[EventDate "2025.06.28"]
[EventType "swiss"]
[EventRounds "9"]
[EventCountry "CZE"]

1. Nf3 {[%emt 0:09:33]} d5 {[%emt 0:00:52]} 2. d4 {[%emt 0:00:14]} Nf6 {[%emt 0:00:05]} 3. c4 {[%emt 0:00:10]} e6 {[%emt 0:00:06]} 4. e3 {[%emt 0:01:08]} a6 {[%emt 0:01:27]} 5. b3 {[%emt 0:04:45]} b6 {[%emt 0:01:25]} 6. cxd5 {[%emt 0:02:03]} exd5 {[%emt 0:00:06]} 7. Be2 {[%emt 0:01:21]} Bb4+ {[%emt 0:03:54]} 8. Bd2 {[%emt 0:02:05]} Bd6 {[%emt 0:00:05]} 9. O-O {[%emt 0:00:06]} Nbd7 {[%emt 0:01:27]} 10. b4 {[%emt 0:03:13]} Bb7 {[%emt 0:03:27]} 11. a4 {[%emt 0:02:35]} Qe7 {[%emt 0:02:05]} 12. Qb3 {[%emt 0:01:23]} Ne4 {[%emt 0:01:30]} 13. Be1 {[%emt 0:00:21]} O-O {[%emt 0:00:48]} 14. Nc3 {[%emt 0:02:58]} Ndf6 {[%emt 0:02:40]} 15. Rb1 {[%emt 0:00:21]} Rad8 {[%emt 0:10:26]} 16. b5 {[%emt 0:06:28]} a5 {[%emt 0:02:01]} 17. h3 {[%emt 0:01:38]} Bc8 {[%emt 0:02:46]} 18. Kh1 {[%emt 0:01:19]} Bf5 {[%emt 0:06:44]} 19. Ra1 {[%emt 0:08:15]} Qe6 {[%emt 0:01:34]} 20. Ng1 {[%emt 0:00:57]} Rfe8 {[%emt 0:02:42]} 21. Nd1 {[%emt 0:01:07]} h5 {[%emt 0:20:43]} 22. Bd3 {[%emt 0:05:13]} h4 {[%emt 0:02:40]} 23. f3 {[%emt 0:02:19]} Ng3+ {[%emt 0:06:17]} 24. Bxg3 {[%emt 0:00:15]} Bxg3 {[%emt 0:00:30]} 25. Bxf5 {[%emt 0:04:43]} Qxf5 {[%emt 0:00:05]} 26. Nf2 {[%emt 0:07:14]} Rd7 {[%emt 0:16:36]} 27. Nd1 {[%emt 0:07:57]} Rde7 {[%emt 0:01:55]} 28. Qb1 {[%emt 0:04:31]} Qg5 {[%emt 0:02:48]} 29. Ne2 {[%emt 0:10:07]} Bd6 {[%emt 0:01:08]} 30. Ra2 {[%emt 0:01:24]} Nh5 {[%emt 0:00:41]} 31. f4 {[%emt 0:01:28]} Qf6 {[%emt 0:15:45]} 32. Rf3 {[%emt 0:01:47]} Qe6 {[%emt 0:04:11]} 33. Rc2 {[%emt 0:01:38]} Nf6 {[%emt 0:01:34]} 34. Rc6 {[%emt 0:01:38]} Ne4 {[%emt 0:01:13]} 35. Qd3 {[%emt 0:00:59]} Qf5 {[%emt 0:00:48]} 36. Qc2 {[%emt 0:02:09]} Re6 {[%emt 0:01:12]} 37. Qc1 {[%emt 0:02:41]} g5 {[%emt 0:03:25]} 38. fxg5 {[%emt 0:01:22]} Qxg5 {[%emt 0:00:05]} 39. Rc2 {[%emt 0:05:13]} Rg6 {[%emt 0:00:42]} 40. Nf4 {[%emt 0:00:20]} Ng3+ {[%emt 0:00:43]} 41. Kg1 {[%emt 0:02:14]} Rf6 {[%emt 0:08:10]} 42. Nc3 {[%emt 0:02:42]} Bxf4 {[%emt 0:00:15]} 43. exf4 {[%emt 0:00:57]} Qf5 {[%emt 0:00:17]} 44. Rd2 {[%emt 0:01:33]} Rfe6 {[%emt 0:00:18]} 45. Rd1 {[%emt 0:00:06]} Re2 {[%emt 0:01:09]} 46. Rxg3+ {[%emt 0:03:10]} hxg3 {[%emt 0:00:11]} 47. Nxe2 {[%emt 0:00:04]} Rxe2 {[%emt 0:00:12]} 48. Qxc7 {[%emt 0:00:43]} Kh7 {[%emt 0:02:05]} 49. Rf1 {[%emt 0:07:14]} Qe6 {[%emt 0:00:51]} 50. Qd8 {[%emt 0:04:22]} Qe3+ {[%emt 0:00:32]} 51. Kh1 {[%emt 0:00:05]} Qxf4 {[%emt 0:00:30]} 52. Rg1 {[%emt 0:00:23]} Rxg2 {[%emt 0:01:41]} 0-1

[Event "31st Klatovy A 2025"]
[Site "Klatovy CZE"]
[Date "2025.07.03"]
[Round "6.5"]
[White "Janous, Marek"]
[Black "Krivanek, Vladimir"]
[Result "1-0"]
[WhiteElo "2220"]
[BlackElo "2172"]
[PlyCount "84"]
[EventDate "2025.06.28"]
[EventType "swiss"]
[EventRounds "9"]
[EventCountry "CZE"]

1. e4 {[%emt 0:00:02]} b6 {[%emt 0:11:13]} 2. d4 {[%emt 0:00:13]} Bb7 {[%emt 0:00:06]} 3. Bd3 {[%emt 0:02:09]} e6 {[%emt 0:00:31]} 4. Nf3 {[%emt 0:00:23]} Nf6 {[%emt 0:00:40]} 5. Qe2 {[%emt 0:02:04]} d5 {[%emt 0:02:33]} 6. e5 {[%emt 0:00:40]} Nfd7 {[%emt 0:01:00]} 7. O-O {[%emt 0:04:35]} Be7 {[%emt 0:00:46]} 8. c3 {[%emt 0:01:14]} a5 {[%emt 0:01:29]} 9. Ne1 {[%emt 0:07:01]} Ba6 {[%emt 0:04:29]} 10. f4 {[%emt 0:06:49]} c5 {[%emt 0:12:40]} 11. f5 {[%emt 0:03:46]} exf5 {[%emt 0:06:57]} 12. Qf3 {[%emt 0:01:37]} O-O {[%emt 0:15:26]} 13. Qxd5 {[%emt 0:12:52]} Ra7 {[%emt 0:06:47]} 14. Qf3 {[%emt 0:06:50]} Bg5 {[%emt 0:07:45]} 15. Bxg5 {[%emt 0:03:41]} Qxg5 {[%emt 0:00:14]} 16. Bxa6 {[%emt 0:00:28]} Nxa6 {[%emt 0:18:50]} 17. Qxf5 {[%emt 0:04:18]} Qxf5 {[%emt 0:03:19]} 18. Rxf5 {[%emt 0:00:07]} Rd8 {[%emt 0:04:23]} 19. Na3 {[%emt 0:02:06]} Nf8 {[%emt 0:00:12]} 20. Nec2 {[%emt 0:06:50]} Ne6 {[%emt 0:07:11]} 21. Raf1 {[%emt 0:18:34]} Rad7 {[%emt 0:03:12]} 22. Nb5 {[%emt 0:01:54]} Nac7 {[%emt 0:01:01]} 23. Nd6 {[%emt 0:07:19]} cxd4 {[%emt 0:04:58]} 24. cxd4 {[%emt 0:03:05]} f6 {[%emt 0:00:26]} 25. R5f3 {[%emt 0:03:24]} Nd5 {[%emt 0:02:02]} 26. Nf5 {[%emt 0:04:30]} Rc8 {[%emt 0:01:46]} 27. Nce3 {[%emt 0:01:00]} Nxe3 {[%emt 0:07:13]} 28. Rxe3 {[%emt 0:00:26]} fxe5 {[%emt 0:03:25]} 29. Rxe5 {[%emt 0:00:33]} g6 {[%emt 0:00:25]} 30. Rxe6 {[%emt 0:10:47]} gxf5 {[%emt 0:00:06]} 31. Rxf5 {[%emt 0:04:14]} Rc1+ {[%emt 0:00:46]} 32. Rf1 {[%emt 0:00:52]} Rc2 {[%emt 0:00:27]} 33. Rxb6 {[%emt 0:01:34]} Rxd4 {[%emt 0:00:27]} 34. Rb5 {[%emt 0:00:29]} h6 {[%emt 0:01:24]} 35. Rb3 {[%emt 0:03:53]} Rg4 {[%emt 0:03:08]} 36. g3 {[%emt 0:00:25]} Rd4 {[%emt 0:00:46]} 37. Rf2 {[%emt 0:00:37]} Rdd2 {[%emt 0:00:34]} 38. Rxd2 {[%emt 0:00:14]} Rxd2 {[%emt 0:00:03]} 39. a4 {[%emt 0:00:20]} Kg7 {[%emt 0:00:07]} 40. Rb5 {[%emt 0:00:29]} Rc2 {[%emt 0:00:11]} 41. b3 {[%emt 0:00:09]} Rb2 {[%emt 0:00:13]} 42. h4 {[%emt 0:00:30]} Rc2 {[%emt 0:00:16]} 1-0

[Event "31st Klatovy A 2025"]
[Site "Klatovy CZE"]
[Date "2025.07.03"]
[Round "6.6"]
[White "Hosnedl, Jiri"]
[Black "Pirklova, Hana"]
[Result "1/2-1/2"]
[WhiteElo "1985"]
[BlackElo "2048"]
[PlyCount "90"]
[EventDate "2025.06.28"]
[EventType "swiss"]
[EventRounds "9"]
[EventCountry "CZE"]

1. d4 {[%emt 0:00:02]} Nf6 {[%emt 0:00:07]} 2. c4 {[%emt 0:00:12]} g6 {[%emt 0:00:05]} 3. f3 {[%emt 0:00:19]} Bg7 {[%emt 0:01:09]} 4. e4 {[%emt 0:00:07]} d6 {[%emt 0:00:06]} 5. Be3 {[%emt 0:00:32]} O-O {[%emt 0:02:17]} 6. Nc3 {[%emt 0:00:33]} Na6 {[%emt 0:15:59]} 7. Qd2 {[%emt 0:03:59]} c5 {[%emt 0:00:11]} 8. d5 {[%emt 0:02:52]} Nc7 {[%emt 0:16:41]} 9. Bh6 {[%emt 0:05:18]} Bxh6 {[%emt 0:04:57]} 10. Qxh6 {[%emt 0:00:13]} Kh8 {[%emt 0:00:08]} 11. Bd3 {[%emt 0:12:56]} Bd7 {[%emt 0:08:48]} 12. h4 {[%emt 0:04:27]} Ng8 {[%emt 0:12:45]} 13. Qe3 {[%emt 0:02:57]} h6 {[%emt 0:04:33]} 14. e5 {[%emt 0:10:37]} dxe5 {[%emt 0:07:13]} 15. Qxe5+ {[%emt 0:00:09]} f6 {[%emt 0:01:02]} 16. Qe3 {[%emt 0:05:44]} Kg7 {[%emt 0:02:41]} 17. Qxc5 {[%emt 0:06:04]} e6 {[%emt 0:07:02]} 18. Nge2 {[%emt 0:11:34]} exd5 {[%emt 0:06:10]} 19. cxd5 {[%emt 0:01:11]} b6 {[%emt 0:04:54]} 20. Qd4 {[%emt 0:02:19]} Qe8 {[%emt 0:02:52]} 21. O-O-O {[%emt 0:03:18]} b5 {[%emt 0:01:38]} 22. Nf4 {[%emt 0:02:43]} b4 {[%emt 0:02:29]} 23. Ne4 {[%emt 0:05:18]} Qe5 {[%emt 0:04:20]} 24. Qxe5 {[%emt 0:07:12]} fxe5 {[%emt 0:00:04]} 25. Ne2 {[%emt 0:04:05]} Nxd5 {[%emt 0:01:30]} 26. Bc4 {[%emt 0:02:56]} Nb6 {[%emt 0:00:24]} 27. Bb3 {[%emt 0:01:26]} Bb5 {[%emt 0:05:11]} 28. N2g3 {[%emt 0:01:14]} a5 {[%emt 0:04:25]} 29. Rd6 {[%emt 0:03:37]} Nc4 {[%emt 0:01:39]} 30. Rd5 {[%emt 0:06:51]} Ba6 {[%emt 0:04:16]} 31. Rd7+ {[%emt 0:00:50]} Kh8 {[%emt 0:00:44]} 32. Ng5 {[%emt 0:01:16]} Nf6 {[%emt 0:00:07]} 33. Re7 {[%emt 0:09:43]} Rac8 {[%emt 0:02:13]} 34. Ne6 {[%emt 0:04:36]} Rfe8 {[%emt 0:03:39]} 35. Rxe8+ {[%emt 0:01:20]} Nxe8 {[%emt 0:00:08]} 36. Ne4 {[%emt 0:02:01]} Nb6+ {[%emt 0:01:56]} 37. Kd2 {[%emt 0:01:04]} a4 {[%emt 0:00:16]} 38. Bd1 {[%emt 0:02:04]} Nc4+ {[%emt 0:00:14]} 39. Kc1 {[%emt 0:01:05]} Ne3+ {[%emt 0:01:05]} 40. N6c5 {[%emt 0:01:13]} Nd6 {[%emt 0:01:37]} 41. Kd2 {[%emt 0:00:59]} Nxe4+ {[%emt 0:00:50]} 42. Nxe4 {[%emt 0:00:24]} Nc4+ {[%emt 0:00:18]} 43. Kc1 {[%emt 0:00:37]} Ne3+ {[%emt 0:00:46]} 44. Kd2 {[%emt 0:00:37]} Nc4+ {[%emt 0:00:20]} 45. Kc1 {[%emt 0:00:15]} Ne3+ {[%emt 0:00:15]} 1/2-1/2